000 00563nam a2200229Ia 4500
003 OSt
005 20230728115553.0
008 210210b2014 xxu||||| |||| 00| 0 eng d
020 _a9780143422259
040 _cAL
041 _aeng
082 _a820.33 MURM
100 _aMURTY (Sudha)
_972089
245 _aMother I never new: two novellas
260 _aHaryana
_bPenguin Books
_c2014
300 _aviii,207
650 _aVenkatesh
_972090
650 _aMukesh
_972091
690 _aIndian English Fiction
_972092
906 _a069222
942 _2ddc
_cBK
999 _c153339
_d153339